| 000 | 02056nam1a2200301 i 4500 | ||
|---|---|---|---|
| 001 | RU\NLR\BIBL_A\012736823 | ||
| 005 | 20260406152324.0 | ||
| 035 | _a(NLR Aleph) 012736823 | ||
| 090 |
_a12989743 _c12989743 |
||
| 100 | _a20220322g20219999um y0rusy50 ca | ||
| 101 | 0 | _arus | |
| 102 | _aRU | ||
| 105 | _a||||j|||||||| | ||
| 200 | 1 |
_aТеоретические основы и исторические аспекты возникновения и развития физической культуры и спорта _eучебное пособие _eв двух частях _fР.В. Руденко - доктор педагогических наук, О.С. Зайцев - кандидат педагогических наук, доцент, В.В. Попадьин - кандидат педагогических наук [и др.] _gпод редакцией Р. В. Руденко _gМинистерство обороны Российской Федерации, Военный институт физической культуры |
|
| 210 |
_aСанкт-Петербург _cВИФК _d2021 |
||
| 215 | _d21 | ||
| 300 | _aАвт. указаны на обороте тит. с. | ||
| 601 | 0 | 1 |
_aРоссийская Федерация _bВооруженные силы _jУчебные издания для высших учебных заведений _xЛичный состав _xФизическая подготовка _92282373 _3RU\NLR\AUTH\6601595492 |
| 686 | 1 | _aЦ4,6(2Р)36я73-1 | |
| 701 | 1 |
_aРуденко _bР. В. _gРодион Владимирович |
|
| 701 | 1 |
_aЗайцев _bО. С. _cканд. пед. наук _gОлег Сергеевич _9223119 _3RU\NLR\AUTH\770223175 |
|
| 701 | 1 |
_aПопадьин _bВ. В. _gВиталий Валериевич |
|
| 712 | 0 | 2 |
_4475 _aВоенный институт физической культуры _cСанкт-Петербург _3RU\NLR\AUTH\889927783 _9351179 |
| 852 |
_aNLR _j2022-3/7186 |
||
| 942 | _cBOOK | ||